| 000 -ლიდერი |
| ფიქსირებული სიგრძის საკონტროლო ველი |
01439nam a22002177a 4500 |
| 003 - საკონტროლო ნომრის იდენტიფიკატორი |
| საკონტროლო ველი |
Ge_BSU |
| 005 - ბოლო ოპერაციის თარიღი და დრო |
| საკონტროლო ველი |
20260403145204.0 |
| 008 - ფიქსირებული სიგრძის მონაცემთა ელემენტები - ზოგადი ინფორმაცია |
| ფიქსირებული სიგრძის საკონტროლო ველი |
260403s2008 ge ||||| |||| 00| 0 geo d |
| 020 ## - წიგნის საერთაშორისო სტანდარტული ნომერი |
| International Standard Book Number |
9789941122361 |
| 041 ## - ენის კოდი |
| Language code of text/sound track or separate title |
geo |
| 080 ## - უნივერსალური ათობითი კლასიფიკაციის ინდექსი |
| Universal Decimal Classification number |
339.924:330.34:316.42 გ-56 |
| 245 ## - ცნობა სათაურის შესახებ |
| Title |
გლობალიზაცია და საქართველოს ეკონომიკური განვითარება : გამოწვევები და შესაძლებლობები : |
| Remainder of title |
შრომების კრებული / |
| Statement of responsibility, etc |
რედ. ემირ ეთერია; საქართველოს გლობალიზაციისა და რეგიონული ინტეგრაციის კვლევის ცენტრი. |
| 264 ## - წარმოების, გამოცემის, დისტრიბუციის და სხვა ცნობები |
| გამოცემის, წარმოების, დისტრიბუციის... ადგილი |
თბილისი : |
| გამოცემის, წარმოების, დისტრიბუციის... სახელწოდება |
უნივერსალი, |
| გამოცემის, წარმოების, დისტრიბუციის... თარიღი |
2008. |
| 300 ## - ფიზიკური აღწერა |
| Extent |
426 გვ.; |
| Other physical details |
20 სმ. |
| 653 ## - INDEX TERM--UNCONTROLLED |
| Uncontrolled term |
ეკონომიკური გლობალიზაცია |
| 653 ## - INDEX TERM--UNCONTROLLED |
| Uncontrolled term |
კაპიტალის მოძრაობა |
| 653 ## - INDEX TERM--UNCONTROLLED |
| Uncontrolled term |
ეკონომიკა |
| 700 ## - ADDED ENTRY--PERSONAL NAME |
| Personal name |
ეთერია, ემირ |
| Relator term |
რედაქტორი |
| 9 (RLIN) |
27156 |
| 710 ## - ADDED ENTRY--CORPORATE NAME |
| Corporate name or jurisdiction name as entry element |
საქართველოს გლობალიზაციისა და რეგიონული ინტეგრაციის კვლევის ცენტრი. |
| 9 (RLIN) |
27250 |
| 942 ## - ADDED ENTRY ELEMENTS (KOHA) |
| Source of classification or shelving scheme |
|
| Koha item type |
წიგნი |